Analýza e-commerce portálu z používateľského, grafického a funkčného hľadiska

Definícia a vybrané kritické faktory úspešnosti realizácie a prevádzky webových portálov o oblasti služieb, konkrétne cestovného ruchu.

Gespeichert in:
Bibliographische Detailangaben
1. Verfasser: Miklošík, Andrej
Weitere Verfasser: Hvizdová, Eva, ml
Format: Buchkapitel
Sprache:Slowakisch
Schlagworte:
Tags: Tag hinzufügen
Keine Tags, Fügen Sie das erste Tag hinzu!

MARC

LEADER 00000naa a2200000 4500
001 0157228
005 20240530082431.4
041 0 |a slo 
044 |a SK 
245 1 0 |a Analýza e-commerce portálu z používateľského, grafického a funkčného hľadiska  |c Andrej Miklošík, Eva Hvizdová 
520 |a Definícia a vybrané kritické faktory úspešnosti realizácie a prevádzky webových portálov o oblasti služieb, konkrétne cestovného ruchu. 
610 2 0 |a stránky webové 
610 2 0 |a služby elektronické 
610 2 0 |a ruch cestovný 
610 2 0 |a systémy informačné geografické 
610 2 0 |a internet 
100 1 |a Miklošík, Andrej 
700 1 |a Hvizdová, Eva, ml.